|
|
|
|
| LEADER |
01999nam a2200337 i 4500 |
| 003 |
GR-PaULI |
| 005 |
20240613110846.0 |
| 008 |
240527t2016 gr a ||g |||| 001 0 gre d |
| 020 |
|
|
|a 9786188244412
|
| 040 |
|
|
|a GR-PaULI
|b gre
|c GR-PaULI
|e AACR2
|
| 041 |
1 |
|
|a gre
|h ger
|
| 082 |
0 |
4 |
|a 303.625
|2 23
|
| 100 |
1 |
|
|9 203730
|a Neumann, Peter R.,
|d 1974-
|e συγγραφέας.
|
| 240 |
|
|
|a Die neuen Dschihadisten : IS, Europa und die nächste Welle des Terrorismus.
|
| 245 |
1 |
3 |
|a Οι νέοι τζιχαντιστές :
|b ισλαμικό κράτος, Ευρώπη και το επόμενο κύμα τρομοκρατίας /
|c Πέτερ Ρ. Νόιμαν ; μετάφραση Παυλίνα Δηράνη ; [επιμέλεια Καρίνα Λάμψα].
|
| 260 |
|
|
|a Αθήνα :
|b Διάμετρος,
|c c2016.
|
| 300 |
|
|
|a 278 σ. :
|b εικ. ;
|c 24 εκ.
|
| 504 |
|
|
|6 Περιλαμβάνει βιβλιογραφικές παραπομπές και ευρετήριο.
|
| 610 |
2 |
4 |
|9 203732
|a IS (Οργάνωση)
|
| 610 |
2 |
4 |
|9 203733
|a IS (Οργάνωση)
|x Στρατολόγηση
|
| 650 |
|
4 |
|9 203734
|a Τρομοκρατία
|x Θρησκευτικές απόψεις
|x Ισλαμισμός
|
| 650 |
|
4 |
|9 203735
|a Τρομοκρατία
|z Μέση Ανατολή
|x Ιστορία
|y 21ος αιώνας
|
| 650 |
|
4 |
|9 203736
|a Τρομοκρατία
|z Ευρώπη
|x Ιστορία
|y 21ος αιώνας
|
| 650 |
|
4 |
|9 58080
|a Ισλαμικός φονταμενταλισμός
|
| 700 |
1 |
|
|9 203738
|a Δηράνη, Παυλίνα
|e μεταφράστρια.
|
| 700 |
1 |
|
|9 104728
|a Λάμψα, Καρίνα
|e επιμελήτρια.
|
| 765 |
0 |
8 |
|i Μετάφραση του :
|t Die neuen Dschihadisten : IS, Europa und die nächste Welle des Terrorismus
|
| 942 |
|
|
|2 ddc
|c BK
|
| 952 |
|
|
|0 0
|1 0
|2 ddc
|4 0
|6 303_625000000000000_NEU
|7 1
|9 381193
|a LISP
|b LISP
|d 2024-06-13
|i 366420
|l 0
|o 303.625 NEU
|p 025000312049
|r 2024-06-13 00:00:00
|t 1
|w 2024-06-13
|y BK15
|
| 998 |
|
|
|c ΜΙΧΟΣΤΑΥΡΟΥ
|d 2024-05
|
| 999 |
|
|
|c 221162
|d 221162
|